Doctor Who scenes the Day of the Doctor Quiz Stats

 Plays Quiz not verified by Sporcle

Score 0/270 Timer 11:00
0 Plays Today
Hint Answer % Correct
*HE PUTS ON FEZ**AND WALKS OVER TO THE TWO ELIZABETHS*
100%
*TIME FISSURE APPEARS**BOTH PUT ON GLASSES, THEN NOTICE EACH OTHER*
100%
*SHE KISSES THE 10th DOCTOR**THEN LEAVES*
100%
*SHE KISSES THE 10th DOCTOR**THEN LEAVES*
100%
go?
100%
I
96%
I
96%
I
96%
OTHER ELIZABETH:I
96%
a
95%
a
95%
a
95%
a
95%
a
95%
the
93.4%
the
93.4%
the
93.4%
the
93.4%
the
93.4%
the
93.4%
the
93.4%
the
93.4%
the
93.4%
you
92%
you
92%
you.
92%
you
92%
you
92%
you.
92%
you?
92%
you
92%
you.
92%
you?
92%
you
92%
you
92%
is
91.5%
is
91.5%
is
91.5%
Is
91.5%
is
91.5%
is
91.5%
is
91.5%
is
91.5%
Doctor
89.8%
are
89.8%
CLARA:Doctor,
89.8%
are
89.8%
are
89.8%
are
89.8%
that
89.4%
That
89.4%
that
89.4%
that
89.4%
that
89.4%
ELIZABETH:Who
88.9%
he
88.9%
CLARA:Who
88.9%
to
88.4%
to
88.4%
to
88.4%
to?
88.4%
We
88.2%
We
88.2%
we?
88.2%
my
87.7%
my
87.7%
my
87.7%
what
87%
it
87%
what?
87%
10th DOCTOR:What
87%
what
87%
it,
87%
what
87%
of
87%
of
87%
what
87%
of
87%
ELIZABETHS:Of
87%
of
87%
it
87%
DOCTOR:Oh,
86.3%
DOCTOR:Oh,
86.3%
DOCTOR:Oh,
86.3%
BOTH:Oh,
86.3%
love.
85.3%
love.
85.3%
I'm
85.1%
I'm
85.1%
I'm
85.1%
Hint Answer % Correct
I'm
85.1%
Zygon.
85.1%
I'm
85.1%
Zygon.
85.1%
I'm
85.1%
on.
84.9%
in
84.6%
in
84.6%
in
84.6%
in
84.6%
in
84.6%
not?
83.9%
not
83.9%
not
83.9%
not
83.9%
this
83.5%
10th DOCTOR:One
83.5%
one
83.5%
one,
83.5%
one.
83.5%
DOCTOR:One
83.5%
me,
81.8%
me?
81.8%
me.
81.8%
and
81.3%
and
81.3%
them
80.1%
was
79.2%
was
79.2%
It's
78.7%
It's
78.7%
it's
78.7%
It's.
78.7%
man?
78%
man.
78%
your
77.5%
your
77.5%
DOCTOR:Your
77.5%
Where
77.3%
DOCTOR:Where
77.3%
where
77.3%
real
76.6%
here?
76.1%
here.
76.1%
talking
75.7%
see.
74.5%
course,
73.5%
10th DOCTOR:So
73.5%
10th DOCTOR:That's
72.6%
doing
72.1%
Can
71.6%
can
71.6%
KATE:Can
71.6%
be
71.2%
be
71.2%
be
71.2%
10th DOCTOR:Elizabeth,
70.7%
BOTH:Myself.
70.7%
Clara.
69.3%
DOCTOR:Hello
68.8%
hello,
68.8%
from
68.3%
other
68.3%
Ha!
67.8%
10th DOCTOR:You're
67.6%
Fez
67.6%
skinny.
66.9%
skinny.
66.9%
DOCTOR:For
66.2%
for
66.2%
hear
66.2%
hear
66.2%
did
66.2%
I've
66%
judging
66%
run.
65.7%
run
65.7%
10th DOCTOR:Yeah.
65.7%
10th DOCTOR:Yeah.
65.7%
10th DOCTOR:Yeah,
65.7%
CLARA:Yeah,
65.7%
just
65.2%
wondering.
64.3%
10th DOCTOR:Don't
64.3%
10th DOCTOR:Regeneration.
63.8%
regeneration
63.8%
never
63.6%
direction
63.4%
sandshoes.
63.1%
thing
62.4%
Hint Answer % Correct
get
61.9%
cool.
61.7%
cool?
61.7%
cool.
61.7%
opposite
61.5%
seen
61.2%
wearing
61.2%
DOCTOR:Big
60.3%
ELIZABETHS:But
60%
10th DOCTOR:England,
59.8%
outside.
59.3%
we're
59.3%
proper
58.9%
lottery.
58.6%
like
57.7%
10th DOCTOR:Well,
57.7%
red
57.4%
come
57.2%
those
57%
busy.
56.7%
busy.
56.7%
Isn't
56.5%
about
56.5%
ladies.
56.3%
time
56%
back
55.6%
good
54.8%
whichever
54.8%
Compensating.
54.4%
am
54.4%
calling
54.1%
lovely.
54.1%
turn
54.1%
Lovely.
54.1%
nice?
54.1%
DOCTOR:Nice.
54.1%
with
53.9%
suckers.
53.9%
own
53.7%
up
53.2%
Matchstick
52%
business.
52%
CLARA:Nothing
52%
covered
50.8%
again.
50.6%
shall
50.1%
incoming!
49.9%
tongue.
48.9%
he's
48.5%
together
48.2%
rubbery
47.8%
DOCTOR:Venom
47.3%
all
46.6%
creature?
46.6%
through?
46.3%
Oops,
44.2%
start.
43.3%
effect.
42.8%
special
42.6%
privacy
41.8%
DOCTOR:Ah,
41.4%
Ah!
41.4%
Oi!
40.7%
both
40.2%
getting
38.3%
thank
37.4%
done
36.6%
yet.
36.6%
sacs
36.4%
Majesties.
35.9%
Hang
35.9%
point,
35.5%
eh?
34%
Eh?
34%
may
34%
won't
33.8%
directions.
33.8%
possible
32.9%
darling.
32.2%
ELIZABETH:Stay
30.5%
1562.
29.6%
Live
29.3%
Probably
27.4%
understand.
27.4%
DOCTOR:Listen,
26%
alive,
25.8%
10th DOCTOR:Thanks.
24.3%
DOCTOR:Physical
23.4%
DOCTORUrgh.
21.7%
passage
20.8%

You're not logged in!

Compare scores with friends on all Sporcle quizzes.
OR
Log In

Show Comments

Extras

Created Sep 6, 2015ReportNominate
Tags:Doctor Who Quiz, scene, speech

Top Quizzes Today


Score Distribution

Your Account Isn't Verified!

In order to create a playlist on Sporcle, you need to verify the email address you used during registration. Go to your Sporcle Settings to finish the process.

Report this User

Report this user for behavior that violates our Community Guidelines.

Details: